00678nam a22002417a 450000500170000000800410001701000150005802000270007303500130010003700130011304000130012610000230013924500620016226000370022427000850026130000250034650000500037161000030042165000030042465100030042770000030043071000030043320110429094722.0110429t xxu||||| |||| 00| 0 eng d aENG-102358 a9788175332683c895.00  aEN-85891 bDBAD/PUB aDPLbENG aGupta, Vijay Kumar aRoles and rituals of Indian women /cby Vijay Kumar Gupta aNew DelhibMD Publicationsc2010 a"MD House", 11, Darya GanjbNew Delhie110002k91-11-45355555mcontact@mdppl.com avi,283 p.c22cm (Hb) aIncludes bibliographical references and index